Statistics for Countries of the World with an Empty Map - Hard Version

Click here to take the quiz!

General Stats

  • This quiz has been taken 65,747 times
  • The average score is 173 of 196

Answer Stats

Country % Correct
Canada
98%
United States
98%
Mexico
97%
Russia
97%
United Kingdom
97%
France
96%
Spain
96%
Brazil
96%
China
96%
Australia
96%
Germany
96%
Argentina
96%
South Africa
95%
Finland
95%
Egypt
95%
India
95%
Japan
95%
Italy
95%
Sweden
95%
Colombia
94%
Chile
94%
Mongolia
94%
Norway
94%
Turkey
94%
Peru
94%
Poland
94%
Portugal
94%
Iran
94%
Iraq
94%
Austria
94%
Kazakhstan
93%
Indonesia
93%
Greece
93%
Democratic Republic of the Congo
93%
New Zealand
93%
Denmark
93%
Afghanistan
93%
Niger
93%
Saudi Arabia
93%
Algeria
93%
Uruguay
93%
Ukraine
93%
Switzerland
93%
Panama
93%
Bolivia
93%
Paraguay
93%
Pakistan
93%
Republic of the Congo
92%
Nigeria
92%
Sudan
92%
Thailand
92%
North Korea
92%
Hungary
92%
Venezuela
92%
Morocco
92%
South Korea
92%
Libya
92%
Czech Republic
92%
Cuba
92%
Ethiopia
91%
Ireland
91%
Yemen
91%
Vietnam
91%
Belarus
91%
Belgium
91%
Slovakia
91%
Romania
91%
Oman
91%
Nepal
91%
Kenya
91%
Israel
91%
Chad
91%
South Sudan
90%
Estonia
90%
Laos
90%
Latvia
90%
Slovenia
90%
Lithuania
90%
Luxembourg
90%
Croatia
90%
Uzbekistan
90%
Ecuador
90%
Iceland
90%
Netherlands
90%
Honduras
90%
Costa Rica
89%
Mali
89%
Bulgaria
89%
Serbia
89%
Cambodia
89%
Zimbabwe
89%
Turkmenistan
89%
Guatemala
89%
Jordan
89%
Syria
89%
Angola
88%
Ghana
88%
Zambia
88%
Andorra
88%
Vatican City
88%
Nicaragua
88%
Suriname
88%
Haiti
88%
United Arab Emirates
88%
Somalia
88%
Tunisia
88%
Georgia
88%
Bosnia and Herzegovina
88%
Bangladesh
88%
Myanmar
88%
Guyana
88%
Albania
88%
Dominica
88%
Malaysia
88%
Botswana
87%
Lesotho
87%
North Macedonia
87%
Central African Republic
87%
Côte d'Ivoire
87%
Madagascar
87%
Tanzania
87%
Jamaica
87%
Uganda
87%
Namibia
87%
Azerbaijan
87%
Guinea
87%
Armenia
87%
Bhutan
87%
Sri Lanka
87%
Kyrgyzstan
86%
Moldova
86%
Cyprus
86%
Belize
86%
Kosovo
86%
Qatar
86%
Togo
86%
Dominican Republic
86%
El Salvador
86%
Tajikistan
86%
Papua New Guinea
86%
Liechtenstein
86%
Philippines
86%
Cameroon
86%
Mozambique
86%
Malta
86%
Montenegro
85%
Lebanon
85%
Taiwan
85%
Senegal
85%
San Marino
85%
Fiji
85%
Monaco
85%
Bahamas
85%
Rwanda
85%
Mauritania
85%
Eritrea
84%
Singapore
84%
Liberia
84%
Kuwait
83%
Benin
83%
Eswatini
83%
Gambia
83%
Malawi
83%
Bahrain
82%
Seychelles
82%
Burkina Faso
82%
Djibouti
82%
Equatorial Guinea
81%
Gabon
81%
Barbados
81%
Guinea Bissau
81%
Sierra Leone
81%
Mauritius
81%
Maldives
81%
Trinidad and Tobago
81%
St. Kitts and Nevis
81%
Federated States of Micronesia
80%
Burundi
80%
Tonga
80%
St. Lucia
80%
East Timor
79%
Brunei
79%
Cape Verde
79%
Marshall Islands
79%
Solomon Islands
79%
Samoa
79%
St. Vincent and Grenadines
79%
Tuvalu
78%
Antigua and Barbuda
78%
Kiribati
78%
Nauru
77%
Comoros
77%
Vanuatu
77%
Palau
77%
São Tomé and Príncipe
76%
Grenada
76%

Score Distribution

Percentile by Number Answered

Percent of People with Each Score

Your Score History

You have not taken this quiz